Tanzania Finacial Accounting Standards (Record no. 5282)

MARC details
005 - DATE AND TIME OF LATEST TRANSACTION
control field 20250626102435.0
082 ## - DEWEY DECIMAL CLASSIFICATION NUMBER
Classification number 657 NBA
111 ## - MAIN ENTRY--MEETING NAME
Meeting name or jurisdiction name as entry element The National Board of Accountancy and Auditors Board Tanzania (NBAA)
245 ## - TITLE STATEMENT
Title Tanzania Finacial Accounting Standards
250 ## - EDITION STATEMENT
Edition statement 3rd Ed.
260 ## - PUBLICATION, DISTRIBUTION, ETC.
Place of publication, distribution, etc. Dar es Salaam,
Name of publisher, distributor, etc. NBAA
Date of publication, distribution, etc. 2003
300 ## - PHYSICAL DESCRIPTION
Extent vi,793p.;
Dimensions 22cm
942 ## - ADDED ENTRY ELEMENTS (KOHA)
Source of classification or shelving scheme Dewey Decimal Classification
Koha item type Books
Holdings
Date last seen Total checkouts Full call number Barcode Cost, replacement price Price effective from Koha item type Lost status Source of classification or shelving scheme Damaged status Not for loan Withdrawn status Home library Current library Shelving location Date acquired Cost, normal purchase price
06/26/2025   657 NBA DOM000751 60000.00 06/26/2025 Books   Dewey Decimal Classification       CBE Dodoma CBE Dodoma General Collection 12/22/2003 20000.00